Music N - Z - Alphabetical - Statistics

General Stats
  • This quiz has been taken 50 times
  • The average score is 4 of 13
Answer Stats
Hint Answer % Correct
Q - I Want To Break Free, Innuendo Queen
100%
R - Be My Baby, Baby I Love You Ronettes
49%
P - Jeremy, Spin The Black Circle Pearl Jam
46%
Z - Why Won't You Give Me Your Love, Valerie Zutons
41%
U - All Stood Still, Lament Ultravox
36%
X - The day The World Turned Day-Glo, Germ Free Adolescence X Ray Spex
33%
N - Circles, Beg Steal Or Borrow New Seekers
31%
O - Use It Up Wear It Out, Inside Out Odyssey
26%
V - Sex Over The Phone, Go West Village People
21%
Y - The Race, Of Course I'm Lying Yello
21%
T - Sing, Re-Offender Travis
15%
W - Fool Again, Queen Of My Heart Westlife
13%
S - Listen To Your Heart, Can't Forget You Sonia
5%
No matching quizzes found
Score Distribution
Percent of People with Each Score
Percentile by Number Answered
Your Score History
You have not taken this quiz